INFORMATION RESOURCE GUIDE Computer, Internet and Network Systems Security(E-Book) (Record no. 191630)
[ view plain ]
| 000 -LEADER | |
|---|---|
| fixed length control field | 00666 a2200133 4500 |
| 003 - CONTROL NUMBER IDENTIFIER | |
| control field | Nust |
| 005 - DATE AND TIME OF LATEST TRANSACTION | |
| control field | 20170207154020.0 |
| 040 ## - CATALOGING SOURCE | |
| Transcribing agency | Nust |
| 100 ## - MAIN ENTRY--PERSONAL NAME | |
| Personal name | S.K.PARMAR, Cst |
| 245 ## - TITLE STATEMENT | |
| Title | INFORMATION RESOURCE GUIDE Computer, Internet and Network Systems Security(E-Book) |
| Remainder of title | An Introduction to Security |
| Statement of responsibility, etc. | S.K.PARMAR, Cst |
| 300 ## - PHYSICAL DESCRIPTION | |
| Extent | 325 P; |
| 505 ## - FORMATTED CONTENTS NOTE | |
| Formatted contents note | Introduction(Page- 2) Security (Page- 16) Identification And Authentication (Page- 92) Risk Analysis(Page- 108) Firewalls (Page- 130) Cryptography(Page- 167) Malicious Code (Page- 182) Virtual Private Networks: Introduction(Page- 202) Windows Nt Network Security(Page- 215) Unix Incident Guide (Page- 234) |
| 651 ## - SUBJECT ADDED ENTRY--GEOGRAPHIC NAME | |
| Geographic name | (E-Book) |
| 942 ## - ADDED ENTRY ELEMENTS (KOHA) | |
| Source of classification or shelving scheme | |
| Koha item type | Book |
| Withdrawn status | Lost status | Source of classification or shelving scheme | Damaged status | Not for loan | Collection code | Permanent Location | Current Location | Date acquired | Total Checkouts | Barcode | Date last seen | Price effective from | Koha item type |
|---|---|---|---|---|---|---|---|---|---|---|---|---|---|
| Military College of Signals (MCS) | Military College of Signals (MCS) | 12/12/2016 | MCSEB-394 | 12/08/2016 | 12/12/2016 | Book |
